Statistics for Think Fast! #4

Click here to take the quiz!

General Stats

  • This quiz has been taken 49 times
  • The average score is 4 of 10

Answer Stats

QuestionAnswer% Correct
What kind of meat do pigs produce?Pork/Bacon
86%
What is the northernmost U.S. state?Alaska
80%
What is the opposite of up?Down
71%
How often do you celebrate your birthday?Once a year
51%
What is live backwards?Evil
34%
What is the largest country?Russia
29%
What is commonly used to extinguish fires?Water
29%
What is a fruit that starts with G?Grape
17%
What continent is Belgium located in?Europe
11%
What is the most populous country?India
11%

Score Distribution

Percentile by Number Answered

Percent of People with Each Score

Your Score History

You have not taken this quiz